000 00445nam a22001817a 4500
003 NUST - PNEC
005 20170116181155.0
008 160111b xxu||||| |||| 00| 0 eng d
020 _a-
040 _cLIBRARY
082 _a297.5 BAD
100 _915827
_aBadawi, Dr. Jamal A.
245 _aAl Taharah : The islamic concept of cleanliness
_cDr. Jamal A. Badawi
260 _c-
300 _a39 p.
650 _xIslam
942 _2ddc
_cBK
999 _c71156
_d71156